000
00207 a2200097 4500
001
45895
100
_a
Mollo V
245
_a
Defence at bridge
260
_a
London
_b
Faber & Faber
_c
090
_c
28999
_d
28999
942
_a
NUST-CAE
_c
M
_c
21111
999
_c
280968
_d
280968